Green design : from theory to practice (Record no. 236156)

MARC details
000 -LEADER
fixed length control field 00381nam a2200145Ia 4500
005 - DATE AND TIME OF LATEST TRANSACTION
control field 20241210163155.0
008 - FIXED-LENGTH DATA ELEMENTS--GENERAL INFORMATION
fixed length control field 231221s9999 xx 000 0 und d
020 ## - INTERNATIONAL STANDARD BOOK NUMBER
International Standard Book Number 9781907317125
082 ## - DEWEY DECIMAL CLASSIFICATION NUMBER
Classification number 720.47 YEA;1 R
100 ## - MAIN ENTRY--PERSONAL NAME
Personal name Yeang, Ken. Spector, Arthur.
245 #0 - TITLE STATEMENT
Title Green design : from theory to practice
260 ## - PUBLICATION, DISTRIBUTION, ETC. (IMPRINT)
Date of publication, distribution, etc. 2011
Name of publisher, distributor, etc. Black Dog
Place of publication, distribution, etc. London
300 ## - PHYSICAL DESCRIPTION
Extent 143
942 ## - ADDED ENTRY ELEMENTS (KOHA)
Koha item type Arch Books
Holdings
Date last seen Total Checkouts Full call number Accession number Date checked out Cost, replacement price Price effective from Category Lost status Source of classification or shelving scheme Damaged status Department Withdrawn status bill no. Permanent Location Current Location Shelving location Entry date Vendor Cost, normal purchase price Grants Currency symbol Conversion rate Discount Discount type
13/03/2026 2 720.47 YEA;1 R AR1102 22/01/2026 1518.00 26/01/2024 Arch Books   Dewey Decimal Classification       IN-13345 Architecture Library Architecture Library ARCH 16/08/2019 Amazon 1518.00 ARCH RS 1   Percentage

© For any Suggestions or Query, please contact the library staff @ librarian@pes.edu or Phone: +9180 2672 1983/ 2108.